| 000 | 00541nam a2200181Ia 4500 | ||
|---|---|---|---|
| 999 |
_c29974 _d29974 |
||
| 003 | OSt | ||
| 005 | 20201230153812.0 | ||
| 008 | 190216s9999||||xx |||||||||||||| ||und|| | ||
| 020 | _a9788188016716 | ||
| 040 | _coclc | ||
| 082 |
_a894.8121 _bCHU/E |
||
| 100 |
_aChullikkad, Balachandran _96434 |
||
| 245 | 0 |
_aEnte Satchidanandan Kavithakal / _cBalachandran Chullikkad |
|
| 260 |
_bLipi Publications, _c2014. _aKozhikode: |
||
| 300 | _a128p | ||
| 650 | _aKavitha | ||
| 942 |
_cBK _2ddc _h894.8121 _iCHU/E _k894.8121 _mCHU/E |
||